[Event "BRA-ch Regional Sul"]
[Site "Lages"]
[Date "2019.10.18"]
[Round "2"]
[White "Martins, Sara Cristina Stach"]
[Black "Venter, Paulo Regis"]
[Result "1-0"]
[WhiteElo "1784"]
[BlackElo "1606"]
[PlyCount "91"]
[EventDate "2019.10.18"]
[EventType "swiss"]
[EventRounds "5"]
[EventCountry "BRA"]
[SourceTitle "CBM 195 Extra"]
[Source "ChessBase"]
[SourceDate "2020.05.31"]
[SourceVersion "1"]
[SourceVersionDate "2020.05.31"]
[SourceQuality "1"]

1. e4 e5 2. Nf3 Nc6 3. d4 exd4 4. Nxd4 Bc5 5. Be3 Qf6 6. c3 Nge7 7. g3 Bb6 8. Bg2 0-0 9. 0-0 d6 10. a4 a6 11. Nxc6 bxc6 12. Bxb6 cxb6 13. Nd2 d5 14. Qb3 Be6 15. Qc2 Qg6 16. Rfe1 Rfe8 17. Nb3 a5 18. Nd4 Bd7 19. Rad1 Rac8 20. Ne2 Qh6 21. exd5 Nxd5 22. Bxd5 cxd5 23. Rxd5 Bc6 24. Rdd1 Bf3 25. Qd3 Qf6 26. Rc1 Be4 27. Qe3 Bf3 28. Qd3 Rcd8 29. Nd4 Ba8 30. f3 g6 31. Kf2 Qg5 32. Rcd1 Qh5 33. h4 Qc5 34. Kg2 Qc7 35. Qb5 Rf8 36. Qg5 Rfe8 37. Qb5 Re7 38. Rxe7 Qxe7 39. Qxb6 Bb7 40. Rf1 Rd5 41. Rf2 Qd7 42. Qf6 Rd6 43. Qg5 Rd5 44. Qf4 Kg7 45. Re2 Qxa4 46. Ne6+ 1-0

[Event "Santa Catarina State-ch (Women)"]
[Site "Santa Catarina"]
[Date "2019.06.09"]
[Round "6.2"]
[White "Martins, Sara Cristina Stach"]
[Black "Feller, Gabriela Luisa Vice"]
[Result "1-0"]
[WhiteElo "1776"]
[BlackElo "1708"]
[PlyCount "93"]
[EventDate "2019.06.07"]
[EventType "swiss"]
[EventRounds "6"]
[EventCountry "BRA"]
[SourceTitle "EXT 2022"]
[Source "ChessBase"]
[SourceDate "2021.10.06"]
[SourceVersion "1"]
[SourceVersionDate "2021.10.06"]
[SourceQuality "1"]

1. e4 e5 2. Nf3 Nf6 3. Nxe5 d6 4. Nf3 Nxe4 5. Nc3 Nxc3 6. dxc3 Be7 7. Be3 0-0 8. Qd2 Nc6 9. h3 Re8 10. 0-0-0 a5 11. g4 Be6 12. Kb1 Qd7 13. a3 Reb8 14. Bb5 Qc8 15. Ng5 Bxg5 16. Bxg5 Na7 17. Bd3 Qd7 18. f4 b5 19. f5 Bd5 20. Rhe1 b4 21. c4 Bf3 22. Re7 Qc6 23. Rde1 bxa3 24. b3 a4 25. Ka2 axb3+ 26. cxb3 d5 27. Rb1 Nc8 28. Re3 dxc4 29. Be4 Qd6 30. Qxd6 Nxd6 31. Bxf3 Ra6 32. Bf4 Rab6 33. Bxd6 cxd6 34. Bd5 cxb3+ 35. Rexb3 Rxb3 36. Rxb3 Rxb3 37. Kxb3 Kf8 38. Kxa3 Ke7 39. Kb4 Kf6 40. Kc4 g6 41. Be4 Ke5 42. Bd3 Kf4 43. Kd5 Kg3 44. Kxd6 Kxh3 45. Be2 Kh4 46. Ke7 Kg5 47. f6 1-0

[Event "Blumenau STD op"]
[Site "Blumenau"]
[Date "2018.05.25"]
[Round "2"]
[White "Martins, Sara Cristina Stach"]
[Black "De Borba, Guilherme"]
[Result "0-1"]
[WhiteElo "1778"]
[BlackElo "2277"]
[PlyCount "124"]
[EventDate "2018.05.25"]
[EventType "swiss"]
[EventRounds "6"]
[EventCountry "BRA"]
[SourceTitle "CBM 184 Extra"]
[Source "ChessBase"]
[SourceDate "2018.06.28"]
[SourceVersion "1"]
[SourceVersionDate "2018.06.28"]
[SourceQuality "1"]

1. e4 c6 2. d4 d5 3. Nc3 dxe4 4. Nxe4 Nf6 5. f3 Nxe4 6. fxe4 e5 7. Nf3 exd4 8. Qxd4 Qxd4 9. Nxd4 Bc5 10. Nf3 0-0 11. Bf4 Rd8 12. Bd3 h6 13. 0-0-0 Be6 14. Kb1 Nd7 15. h3 Nb6 16. g4 Bd6 17. Bc1 Be7 18. g5 hxg5 19. Nxg5 Bc4 20. h4 Bxg5 21. Bxg5 f6 22. Be3 Bxd3 23. cxd3 Nd7 24. h5 Ne5 25. Kc2 Kh7 26. Rh4 c5 27. b3 b6 28. Bf4 Nc6 29. Rh3 Rd7 30. h6 g5 31. Bd2 Kg6 32. Rf1 Nd4+ 33. Kb2 Rh8 34. Bc3 Rf7 35. Bxd4 cxd4 36. Rf5 Rxh6 37. Rhf3 Rh2+ 38. Kb1 Re2 39. Rd5 Rh7 40. Rf1 Rhh2 41. Rxd4 Rb2+ 42. Ka1 Rxa2+ 43. Kb1 Rhf2 44. Rg1 Rab2+ 45. Kc1 Rxb3 46. Rd7 Ra3 47. Kb1 Rfa2 48. Rg3 Rh2 49. Rc7 Rh7 50. Rc6 Rb3+ 51. Kc2 Rb5 52. Rf3 Rc5+ 53. Rxc5 bxc5 54. Kc3 Rc7 55. Kc4 a6 56. Rf2 Rd7 57. Ra2 Rd4+ 58. Kc3 Rd6 59. Kc4 g4 60. Rg2 Kg5 61. Rg3 Kh4 62. Rg1 g3 0-1

[Event "Santa Catarina-chT"]
[Site "Piratuba"]
[Date "2018.04.13"]
[Round "1.1"]
[White "Martins, Sara Cristina Stach"]
[Black "Perdomo, Leandro Daniel"]
[Result "0-1"]
[WhiteElo "1787"]
[BlackElo "2466"]
[PlyCount "80"]
[EventDate "2018.04.13"]
[EventType "team-swiss"]
[EventRounds "5"]
[EventCountry "BRA"]
[SourceTitle "CBM 184 Extra"]
[Source "ChessBase"]
[SourceDate "2018.06.28"]
[SourceVersion "1"]
[SourceVersionDate "2018.06.28"]
[SourceQuality "1"]
[WhiteTeam "Rio do Sul"]
[BlackTeam "Caita"]
[WhiteTeamCountry "BRA"]
[BlackTeamCountry "BRA"]

1. e4 e5 2. Nf3 Nc6 3. d4 exd4 4. Nxd4 Bc5 5. Be3 Qf6 6. c3 Nge7 7. g3 h5 8. Nb5 Bxe3 9. fxe3 Kd8 10. Nd2 h4 11. g4 h3 12. Nf3 Ng6 13. Be2 d6 14. Rg1 Nh4 15. Nxh4 Rxh4 16. Qa4 Bd7 17. Rf1 Qe7 18. 0-0-0 Bxg4 19. Bxg4 Rxg4 20. Rf4 Rxf4 21. exf4 Qh4 22. e5 Nxe5 23. Nxd6 cxd6 24. Qa5+ Ke8 25. fxe5 Qf4+ 26. Rd2 Qxe5 27. Qa4+ Kf8 28. Qh4 Kg8 29. Qxh3 Rd8 30. Rd4 Qg5+ 31. Kc2 Qg6+ 32. Rd3 Re8 33. Qf3 b5 34. h4 Re5 35. Kb3 Qe6+ 36. Ka3 d5 37. Rd4 a5 38. b4 axb4+ 39. Kxb4 Qa6 40. Kb3 Qg6 0-1

[Event "Catarinense-ch (Women)"]
[Site "Concordia"]
[Date "2018.02.25"]
[Round "5"]
[White "Rodio, Julia Brunetto"]
[Black "Martins, Sara Cristina Stach"]
[Result "1-0"]
[WhiteElo "1713"]
[BlackElo "1780"]
[PlyCount "101"]
[EventDate "2018.02.23"]
[EventType "swiss"]
[EventRounds "6"]
[EventCountry "BRA"]
[SourceTitle "EXT 2019"]
[Source "ChessBase"]
[SourceDate "2018.10.10"]
[SourceVersion "1"]
[SourceVersionDate "2018.10.10"]
[SourceQuality "1"]

1. e4 c5 2. Nc3 e6 3. g3 d5 4. exd5 exd5 5. d4 cxd4 6. Qxd4 Nf6 7. Bg2 Nc6 8. Qd3 Be6 9. Nf3 Be7 10. Nd4 Nxd4 11. Qxd4 0-0 12. 0-0 Qd7 13. Ne2 Rfd8 14. Nf4 Bf5 15. c3 Rac8 16. Nd3 Qb5 17. Rd1 Bd6 18. Ne5 Qe2 19. Nf3 Bc5 20. Qd2 Bxf2+ 21. Kh1 Re8 22. Qxe2 Rxe2 23. Bf1 Ree8 24. Bb5 Re7 25. Bg5 Be4 26. Kg2 Bb6 27. Bxf6 gxf6 28. Rf1 d4 29. c4 a6 30. Ba4 Rxc4 31. Bb3 Rc8 32. Kh3 Bf5+ 33. Kg2 d3 34. Rae1 Rce8 35. Bd1 Be4 36. Kh3 Bxf3 37. Rxe7 Rxe7 38. Rxf3 d2 39. Rxf6 Ba5 40. Rd6 Re1 41. Bg4 Rb1 42. Rd5 b6 43. b3 Ra1 44. a4 Rb1 45. Rd3 Kg7 46. Kg2 Kf6 47. Kf2 Re1 48. Rd5 Ke7 49. Rd4 f5 50. Be2 Ke6 51. b4 1-0

[Event "BRA-ch sf (Women)"]
[Site "Icara"]
[Date "2017.06.29"]
[Round "1"]
[White "Brand, Leticia Soethe"]
[Black "Martins, Sara Cristina Stach"]
[Result "0-1"]
[WhiteElo "1461"]
[BlackElo "1780"]
[PlyCount "46"]
[EventDate "2017.06.29"]
[EventType "swiss"]
[EventRounds "7"]
[EventCountry "BRA"]
[SourceTitle "CBM 179 Extra"]
[Source "ChessBase"]
[SourceDate "2017.08.23"]
[SourceVersion "1"]
[SourceVersionDate "2017.08.23"]
[SourceQuality "1"]

1. e4 c5 2. Nf3 e6 3. d4 cxd4 4. Nxd4 Nf6 5. Nc3 e5 6. Nf3 Bb4 7. Bd2 d6 8. Bd3 Nbd7 9. 0-0 0-0 10. a3 Bxc3 11. Bxc3 b5 12. Bb4 Qc7 13. Re1 Bb7 14. Qd2 Rfc8 15. Rac1 a5 16. Bc3 Nc5 17. Bxb5 Ncxe4 18. Qd3 Nxc3 19. bxc3 e4 20. Qe3 exf3 21. gxf3 Qxc3 22. Qe7 Qxf3 23. Bf1 Qh1# 0-1

[Event "BRA-ch (Women)"]
[Site "Blumenau"]
[Date "2014.05.30"]
[Round "3"]
[White "Librelato, Ana Julia Goulart"]
[Black "Martins, Sara Cristina Stach"]
[Result "0-1"]
[WhiteElo "1822"]
[BlackElo "1731"]
[PlyCount "144"]
[EventDate "2014.05.29"]
[EventType "swiss"]
[EventRounds "7"]
[EventCountry "BRA"]
[SourceTitle "EXT 2015"]
[Source "ChessBase"]
[SourceDate "2014.11.20"]
[SourceVersion "1"]
[SourceVersionDate "2014.11.20"]
[SourceQuality "1"]

1. e4 c5 2. Nf3 a6 3. Nc3 e6 4. d4 cxd4 5. Nxd4 Bb4 6. Qd3 b5 7. a3 Ba5 8. b4 Bc7 9. Bb2 Nf6 10. g3 0-0 11. Bg2 Bb7 12. 0-0 d6 13. Rfe1 Nfd7 14. Nf3 Nc6 15. Ne2 Nb6 16. Ned4 Nc4 17. Qc3 e5 18. Nf5 Ne7 19. N3h4 Nc8 20. Rad1 Nxb2 21. Qxb2 Nb6 22. Qc3 Rc8 23. Qf3 Nc4 24. Rd3 Qf6 25. Qg4 Bd8 26. Bh3 Rc6 27. Re2 Bc8 28. Rf3 Qg5 29. Qxg5 Bxg5 30. Kg2 g6 31. Ne3 Bxe3 32. fxe3 Nxa3 33. Rff2 Rc4 34. Nf3 Rxb4 35. Bxc8 Rxc8 36. Ng5 Rc7 37. Rd2 Nc4 38. Rde2 a5 39. Nf3 a4 40. Rf1 Rb2 41. Ra1 a3 42. Ne1 Rb4 43. Nd3 Ra4 44. c3 Na5 45. Rc2 b4 46. Kf1 Rxc3 47. Rxc3 bxc3 48. Nc1 Nc4 49. Ke2 Nb2 50. Na2 c2 51. Kd2 Rxe4 52. Kxc2 Rxe3 53. Nc3 Nc4 54. Kb3 d5 55. Kb4 Rd3 56. Nxd5 Rxd5 57. Kxc4 Ra5 58. Kb4 Ra7 59. Rxa3 Rxa3 60. Kxa3 f5 61. Kb3 Kf7 62. Kc3 Ke6 63. Kd3 Kd5 64. h3 g5 65. Ke3 e4 66. h4 h6 67. Ke2 Kd4 68. Kd2 f4 69. gxf4 gxf4 70. Ke2 Ke5 71. Kf2 Kf5 72. Ke2 Kg4 0-1

[Event "Sao Bento do Sul op 2nd"]
[Site "Sao Bento do Sul"]
[Date "2014.02.23"]
[Round "5"]
[White "Martins, Sara Cristina Stach"]
[Black "Dalanhol, Joao Vitor"]
[Result "1-0"]
[WhiteElo "1737"]
[BlackElo "1873"]
[PlyCount "100"]
[EventDate "2014.02.21"]
[EventType "swiss"]
[EventRounds "6"]
[EventCountry "BRA"]
[SourceTitle "CBM 159 Extra"]
[Source "ChessBase"]
[SourceDate "2014.04.24"]
[SourceVersion "1"]
[SourceVersionDate "2014.04.24"]
[SourceQuality "1"]

1. e4 c5 2. Nf3 d6 3. d4 cxd4 4. Qxd4 Nc6 5. Bb5 Bd7 6. Bxc6 Bxc6 7. Nc3 e6 8. Bg5 Nf6 9. 0-0-0 Be7 10. Rhe1 0-0 11. Kb1 a6 12. Qd2 Rc8 13. Nd4 Qc7 14. f3 Rfd8 15. g4 h6 16. Be3 Nh7 17. Rh1 d5 18. Qg2 Bf6 19. h4 dxe4 20. fxe4 Bxd4 21. Bxd4 e5 22. Be3 Rxd1+ 23. Rxd1 b5 24. g5 hxg5 25. hxg5 b4 26. Nd5 Bxd5 27. exd5 Qd6 28. Rh1 Qg6 29. Qh2 Qf5 30. d6 Rd8 31. Bc5 a5 32. Qh4 Rd7 33. b3 f6 34. gxf6 Nxf6 35. Qc4+ Nd5 36. Qxd5+ Qf7 37. Qxf7+ Kxf7 38. Rh8 g5 39. Rh7+ Ke6 40. Re7+ Rxe7 41. dxe7 Kd7 42. Kc1 g4 43. Kd2 g3 44. Ke2 e4 45. Ke3 Ke8 46. Kxe4 g2 47. Kd5 Kd7 48. Kc4 Ke8 49. Kb5 g1Q 50. Bxg1 Kd7 1-0

[Event "Sao Bento do Sul op 2nd"]
[Site "Sao Bento do Sul"]
[Date "2014.02.21"]
[Round "2"]
[White "Martins, Sara Cristina Stach"]
[Black "Dos Santos, Haroldo Cunha Jr"]
[Result "0-1"]
[WhiteElo "1737"]
[BlackElo "2216"]
[PlyCount "118"]
[EventDate "2014.02.21"]
[EventType "swiss"]
[EventRounds "6"]
[EventCountry "BRA"]
[SourceTitle "CBM 159 Extra"]
[Source "ChessBase"]
[SourceDate "2014.04.24"]
[SourceVersion "1"]
[SourceVersionDate "2014.04.24"]
[SourceQuality "1"]

1. e4 e5 2. Nf3 Nc6 3. d4 exd4 4. Nxd4 d6 5. Bc4 Nf6 6. Nc3 Be7 7. Bb3 0-0 8. 0-0 Re8 9. Bf4 Bf8 10. f3 Ne5 11. a4 c6 12. Kh1 a5 13. g4 Nfd7 14. Qd2 Nc5 15. Ba2 Qb6 16. Nf5 Rd8 17. Rad1 Be6 18. Bxe6 Nxe6 19. Be3 Qc7 20. Qg2 g6 21. Ng3 Bg7 22. Rg1 Kh8 23. Nge2 Nc4 24. Bc1 Qb6 25. b3 Ne3 26. Qf2 Nd5 27. Qxb6 Nxb6 28. Be3 Nc8 29. f4 Re8 30. f5 Nf8 31. Bf4 Be5 32. Bh6 Nd7 33. Rgf1 Bg7 34. Bf4 Nf6 35. Bxd6 Nxd6 36. Rxd6 Nxe4 37. Nxe4 Rxe4 38. Ng3 Rd4 39. Rd1 Rxd1+ 40. Rxd1 Kg8 41. Kg2 b5 42. Ne4 Be5 43. Rd7 gxf5 44. gxf5 bxa4 45. bxa4 Rb8 46. f6 h6 47. Ra7 Rb4 48. Ra8+ Kh7 49. Nc5 Bxf6 50. Rxa5 Rc4 51. Nd7 Rxc2+ 52. Kh3 Bg7 53. Rc5 Rd2 54. Nb6 Bd4 55. Rxc6 Bg1 56. a5 Bxh2 57. a6 f5 58. a7 Be5 59. Rxh6+ Kxh6 0-1

[Event "Catarinense-ch 59th"]
[Site "Joinville"]
[Date "2013.09.19"]
[Round "1"]
[White "Martins, Sara Cristina Stach"]
[Black "Delgado Ramirez, Neuris"]
[Result "0-1"]
[WhiteElo "1739"]
[BlackElo "2584"]
[PlyCount "30"]
[EventDate "2013.09.19"]
[EventType "swiss"]
[EventRounds "7"]
[EventCountry "BRA"]
[SourceTitle "CBM 156 Extra"]
[Source "ChessBase"]
[SourceDate "2013.10.22"]
[SourceVersion "1"]
[SourceVersionDate "2013.10.22"]
[SourceQuality "1"]

1. e4 c5 2. Nf3 g6 3. d4 cxd4 4. Qxd4 Nf6 5. Bb5 Nc6 6. Qa4 Bg7 7. Nc3 0-0 8. Bg5 d6 9. Bxc6 bxc6 10. Qxc6 Rb8 11. Bc1 Rb4 12. Nd5 Bb7 13. Nxb4 Bxc6 14. Nxc6 Qc7 15. Nb4 a5 0-1

[Event "Sao Bento do Sul op"]
[Site "Sao Bento do Sul"]
[Date "2013.06.29"]
[Round "4"]
[White "Fischer Junior, Donaldo"]
[Black "Martins, Sara Cristina Stach"]
[Result "1-0"]
[WhiteElo "1973"]
[BlackElo "1713"]
[PlyCount "75"]
[EventDate "2013.06.28"]
[EventType "swiss"]
[EventRounds "6"]
[EventCountry "BRA"]
[SourceTitle "EXT 2014"]
[Source "ChessBase"]
[SourceDate "2013.11.20"]
[SourceVersion "1"]
[SourceVersionDate "2013.11.20"]
[SourceQuality "1"]

1. e4 c5 2. Nf3 a6 3. d4 cxd4 4. Nxd4 Nf6 5. Bd3 e5 6. Ne2 d5 7. exd5 Qxd5 8. 0-0 Bg4 9. f3 Bc5+ 10. Kh1 Be6 11. Nbc3 Qc6 12. Bg5 Nbd7 13. Ng3 h6 14. Bxf6 gxf6 15. Be4 Qc7 16. Nd5 Bxd5 17. Qxd5 Rb8 18. Nf5 Nb6 19. Qb3 Nc8 20. Rad1 Nd6 21. Nxd6+ Bxd6 22. Rd3 0-0 23. c3 Rfd8 24. Qd1 Bf8 25. f4 Bg7 26. Bd5 Rd7 27. Rf2 exf4 28. Re2 Rbd8 29. c4 b5 30. b3 Kf8 31. Qe1 f5 32. Qb4+ Kg8 33. h3 Bf8 34. Qe1 a5 35. Qh4 Qb6 36. Qxf4 bxc4 37. Rg3+ Bg7 38. Qe5 1-0

[Event "Catarinense-ch (Women)"]
[Site "Balneario Camboriu"]
[Date "2013.02.24"]
[Round "5"]
[White "Martins, Sara Cristina Stach"]
[Black "De Souza, Camila dos Santos"]
[Result "1-0"]
[WhiteElo "1763"]
[BlackElo "1942"]
[PlyCount "85"]
[EventDate "2013.02.22"]
[EventType "swiss"]
[EventRounds "6"]
[EventCountry "BRA"]
[SourceTitle "EXT 2015"]
[Source "ChessBase"]
[SourceDate "2014.11.20"]
[SourceVersion "1"]
[SourceVersionDate "2014.11.20"]
[SourceQuality "1"]

1. e4 d5 2. exd5 Qxd5 3. Nc3 Qa5 4. d4 c6 5. Bc4 Nf6 6. Qe2 Bg4 7. f3 Bc8 8. Bd2 Qb6 9. 0-0-0 e6 10. Nh3 Be7 11. Bg5 0-0 12. g4 Qc7 13. Bxf6 Bxf6 14. Ne4 Nd7 15. Nhf2 Bh4 16. Kb1 Nb6 17. Rdg1 Nxc4 18. Qxc4 b5 19. Qe2 Qb6 20. Rd1 Rd8 21. Nc5 e5 22. c3 b4 23. Nb3 bxc3 24. bxc3 exd4 25. Rxd4 Be6 26. Kc2 Bxb3+ 27. axb3 Rxd4 28. cxd4 Qxd4 29. Ne4 Rd8 30. Qa6 Qb6 31. Qc4 Qb5 32. Ra1 Qxc4+ 33. bxc4 Rd7 34. Ra6 Rc7 35. Kd3 Kf8 36. Kd4 Ke7 37. Ra5 Kd7 38. Rh5 c5+ 39. Nxc5+ Kc6 40. Rxh4 Rc8 41. Ne4 Rd8+ 42. Kc3 h6 43. Rh5 1-0

[Event "Catarinense-ch (Women)"]
[Site "Balneario Camboriu"]
[Date "2013.02.23"]
[Round "4"]
[White "Kanzler, Karina Daniela"]
[Black "Martins, Sara Cristina Stach"]
[Result "1-0"]
[WhiteElo "1929"]
[BlackElo "1763"]
[PlyCount "135"]
[EventDate "2013.02.22"]
[EventType "swiss"]
[EventRounds "6"]
[EventCountry "BRA"]
[SourceTitle "EXT 2015"]
[Source "ChessBase"]
[SourceDate "2014.11.20"]
[SourceVersion "1"]
[SourceVersionDate "2014.11.20"]
[SourceQuality "1"]

1. b3 e5 2. Bb2 Nc6 3. Nf3 d6 4. e3 Nf6 5. d4 Bg4 6. Be2 e4 7. Nfd2 Bxe2 8. Qxe2 d5 9. a3 Be7 10. c4 Nb8 11. cxd5 Qxd5 12. Nc3 Qf5 13. Qb5+ Qxb5 14. Nxb5 Na6 15. Nc3 0-0 16. Ndxe4 Nxe4 17. Nxe4 f5 18. Nd2 c5 19. 0-0 Rac8 20. dxc5 Nxc5 21. Bd4 b6 22. Bxc5 Rxc5 23. Nf3 Rc3 24. Rfb1 Rfc8 25. g3 Bf6 26. Ra2 Kf8 27. Rd2 Ke8 28. a4 Ke7 29. Rbd1 R8c7 30. Rd3 g6 31. Kf1 Ke6 32. h4 h6 33. Ke2 Rc2+ 34. R1d2 R2c3 35. Rxc3 Rxc3 36. Rd3 Rxd3 37. Kxd3 Kd5 38. Ne1 Be7 39. Nc2 Bc5 40. Nd4 Bxd4 41. exd4 a6 42. f3 b5 43. axb5 axb5 44. Kc3 h5 45. f4 Ke4 46. Kb4 Kxd4 47. Kxb5 Ke3 48. Kc5 Kf3 49. b4 Kxg3 50. b5 Kxh4 51. b6 Kg4 52. b7 h4 53. b8Q h3 54. Qb1 Kxf4 55. Qg1 g5 56. Kd4 Kf3 57. Qxg5 h2 58. Qxf5+ Kg2 59. Qg4+ Kf2 60. Qh4+ Kg2 61. Qg4+ Kf2 62. Qh3 Kg1 63. Qg3+ Kh1 64. Qf3+ Kg1 65. Ke3 h1N 66. Qh3 Nf2 67. Qg3+ Kh1 68. Kf3 1-0

[Event "Blumenau Santa Catarina Cup"]
[Site "Blumenau"]
[Date "2013.02.10"]
[Round "6"]
[White "Martins, Sara Cristina Stach"]
[Black "Appel, Eder Vlamir"]
[Result "0-1"]
[WhiteElo "1763"]
[BlackElo "1807"]
[PlyCount "44"]
[EventDate "2013.02.08"]
[EventType "swiss"]
[EventRounds "6"]
[EventCountry "BRA"]
[SourceTitle "CBM 152 Extra"]
[Source "ChessBase"]
[SourceDate "2013.02.25"]
[SourceVersion "1"]
[SourceVersionDate "2013.02.25"]
[SourceQuality "1"]

1. e4 d5 2. exd5 Nf6 3. Bb5+ Nbd7 4. c4 a6 5. Ba4 b5 6. cxb5 Nxd5 7. bxa6 Bxa6 8. Bc6 Nf4 9. Qf3 Nd3+ 10. Kd1 Rb8 11. b3 e6 12. Ba3 Bxa3 13. Nxa3 0-0 14. Bxd7 Qxd7 15. Ne2 Rfd8 16. Nb1 Rb5 17. Rf1 Rf5 18. Qg3 Rc5 19. f4 Rd5 20. Qe3 Nb2+ 21. Ke1 Rd3 22. Qe5 Rxd2 0-1

[Event "Blumenau Santa Catarina Cup"]
[Site "Blumenau"]
[Date "2013.02.09"]
[Round "3"]
[White "Belle, Diego Leonardo"]
[Black "Martins, Sara Cristina Stach"]
[Result "1-0"]
[WhiteElo "1795"]
[BlackElo "1763"]
[PlyCount "67"]
[EventDate "2013.02.08"]
[EventType "swiss"]
[EventRounds "6"]
[EventCountry "BRA"]
[SourceTitle "CBM 152 Extra"]
[Source "ChessBase"]
[SourceDate "2013.02.25"]
[SourceVersion "1"]
[SourceVersionDate "2013.02.25"]
[SourceQuality "1"]

1. c4 Nc6 2. e4 e5 3. Nc3 Bc5 4. d3 a6 5. g3 d6 6. Bg2 Nge7 7. Nge2 0-0 8. 0-0 f5 9. Be3 Ba7 10. Bxa7 Rxa7 11. Qd2 Qe8 12. Rac1 Qh5 13. Nd5 b6 14. f4 Qe8 15. b4 Ng6 16. Rce1 Qd8 17. a4 Bd7 18. exf5 Bxf5 19. Nxb6 Nxb4 20. Qxb4 cxb6 21. Bd5+ Kh8 22. Qb3 h6 23. Rd1 Bh3 24. Rf2 exf4 25. Nxf4 Nxf4 26. gxf4 Qh4 27. Re1 Rxf4 28. Re8+ Kh7 29. Be4+ g6 30. Bf3 Qg5+ 31. Kh1 Rxf3 32. Qb2 Bg2+ 33. Kg1 Rxf2 34. Qh8# 1-0

[Event "Curitiba CC 75 years"]
[Site "Curitiba"]
[Date "2013.01.18"]
[Round "1"]
[White "Martins, Sara Cristina Stach"]
[Black "Cunha, Lucas Aguiar"]
[Result "0-1"]
[WhiteElo "1763"]
[BlackElo "2202"]
[PlyCount "59"]
[EventDate "2013.01.18"]
[EventType "swiss"]
[EventRounds "6"]
[EventCountry "BRA"]
[SourceTitle "EXT 2014"]
[Source "ChessBase"]
[SourceDate "2013.11.20"]
[SourceVersion "1"]
[SourceVersionDate "2013.11.20"]
[SourceQuality "1"]

1. e4 c5 2. Nf3 Nc6 3. Bb5 g6 4. Bxc6 dxc6 5. h3 Nf6 6. Qe2 Bg7 7. 0-0 Nd7 8. e5 Nf8 9. d3 Ne6 10. Nbd2 0-0 11. Nc4 b5 12. Ncd2 Nd4 13. Nxd4 cxd4 14. Qe4 Rb8 15. Nb3 c5 16. Nxc5 Bf5 17. Qe2 Qd5 18. Nb3 Bxe5 19. Re1 Bd6 20. g4 Bd7 21. Qe4 Qxe4 22. Rxe4 e5 23. Bg5 f5 24. gxf5 Bxf5 25. Rh4 Rbc8 26. Rc1 Rc7 27. f4 e4 28. dxe4 Bxe4 29. Kf1 Bd5 30. Ke2 0-1